000 00922nam a2200241Ii 4500
003 JO-AjNU
008 230605s9999||||xx |||||||||||||| ||und||
017 _a2021/1/282
020 _a978-9957-94-627-2
040 _aJO-AjNU
_bara
_erda
_cJO-AjNU
041 _aara
050 1 4 _aDS154.9 .Z37.W3468 2021
100 3 _aتاليف وهيب، محمد,
_eauthor
_963671
245 0 0 _aاكتشافات الآثار: التراث والسياسة في محافظة الزرقاء
250 _aط1
264 3 1 _aعمان: وزارة الثقافه، 2021
300 _a353ص
336 _atext
_btxt
_2rdacontent
337 _aunmediated
_bn
_2rdamedia
338 _avolume
_bnc
_2rdacarrier
490 0 _aفكر ومعرفة2021 سلسلة فكر ومعرفة من منشورات وزارة الثقافة
650 4 _aالآثار -الحضارات القديمة-التاريخ القديم-الزرقاء
_963672
999 _aA28894
_c32462
_d32462